000 01445cam a2200349 a 4500
001 707872
003 SISC
005 20160406081339.0
008 970326s1997 nyu 000 0 eng
010 _a 97012468
020 _a0070700192 (pbk.)
040 _aDLC
_cDLC
_dDLC
050 0 0 _aHD 2743
_b.W526 1997
082 0 0 _aHS 658.456
_bW61 1997
100 1 _aWhitney, Dick.
_914428
245 1 0 _a75 cage-rattling questions to change the way you work :
_bshake-em-up questions to open meetings, ignite discussion, and spark creativity /
_cDick Whitney, Melissa Giovagnoli.
246 3 _aSeventy-five cage-rattling questions to change the way you work
246 3 0 _a75 cage-rattling questions
260 _aNew York :
_bMcGraw-Hill,
_cc1997.
300 _a233 p. :
_c21 cm.
526 _c
650 0 _aCorporate meetings
_xMiscellanea.
_914429
650 0 _aPublic meetings
_xMiscellanea.
_914430
700 1 _aGiovagnoli, Melissa.
_914431
856 4 2 _3Contributor biographical information
_uhttp://www.loc.gov/catdir/bios/mh041/97012468.html
856 4 2 _3Publisher description
_uhttp://www.loc.gov/catdir/description/mh022/97012468.html
856 4 1 _3Table of contents
_uhttp://www.loc.gov/catdir/toc/mh022/97012468.html
906 _a7
_bcbc
_corignew
_d1
_eocip
_f19
_gy-gencatlg
942 _2lcc
_cBK
999 _c9630
_d9630